|
|
|
|
| LEADER |
00000nam0a2200000 4500 |
| 001 |
366223 |
| 005 |
20231102011848.0 |
| 035 |
|
|
|a (RuTPU)RU\TPU\retro\23586
|
| 090 |
|
|
|a 366223
|
| 100 |
|
|
|a 20220203d1979 km y0rusy50 ca
|
| 101 |
0 |
|
|a rus
|
| 102 |
|
|
|a RU
|
| 105 |
|
|
|a y z 001zy
|
| 200 |
1 |
|
|a Идеи и образы Возрождения. (Наука XIV-XV! в.в. в свете современной науки)
|f Б. Г. Кузнецов
|g Академия наук СССР, Институт истории естествознания и техники
|
| 210 |
|
|
|a Москва
|c Наука
|d 1979
|
| 215 |
|
|
|a 280 с.
|
| 320 |
|
|
|a Библиография в ссылках
|
| 320 |
|
|
|a Указ. имен: с. 275-278
|
| 606 |
1 |
|
|a Наука
|x История
|2 stltpush
|3 (RuTPU)RU\TPU\subj\45075
|9 64337
|
| 610 |
1 |
|
|a Возрождение
|
| 610 |
1 |
|
|a научные открытия
|
| 610 |
1 |
|
|a 14 век
|
| 610 |
1 |
|
|a 15 век
|
| 610 |
1 |
|
|a 16 век
|
| 610 |
1 |
|
|a идеи
|
| 610 |
1 |
|
|a образы
|
| 686 |
|
|
|a Ч213
|v LBC/SL-A
|2 rubbk
|
| 700 |
|
1 |
|a Кузнецов
|b Б. Г.
|g Борис Григорьевич
|
| 712 |
0 |
2 |
|a Академия наук СССР
|b Институт истории естествознания и техники
|c (Москва)
|c (1953- )
|2 stltpush
|3 (RuTPU)RU\TPU\col\8662
|9 24561
|
| 801 |
|
1 |
|a RU
|b 63413507
|c 20220203
|
| 942 |
|
|
|c BK
|